Jom! tanya ustaz 2

Bibliographic Details
Main Author: Nik Yusri Musa
Format: Book
Published: Selangor : Galeri Ilmu Sdn. Bhd , 2011
Subjects:

MARC

LEADER 00000cam a2200000 7i4500
001 0000057526
005 20151229.0
008 151229
020 |a 9789830972497 
090 0 0 |a 297.52   |b NIK 
100 0 |a Nik Yusri Musa 
245 1 0 |a Jom! tanya ustaz 2   |c Dr. Nik Yusri Musa 
260 |a Selangor :   |b Galeri Ilmu Sdn. Bhd ,   |c 2011 
300 |a 150 p. ;   |c 20.8 cm. 
650 0 |a Islam   |x Customs & practices   |x Miscellanea 
650 0 |a Religious life   |x Islam   |x Miscellanea 
999 |a 0001380312   |b Book   |c Adult Collection   |e Perbadanan Perpustakaan Awam Johor 
999 |a 0001380313   |b Book   |c Adult Collection   |e Cawangan Urban Transformation Centre 
999 |a 0001380696   |b Book   |c Adult Collection   |e Cawangan Mersing 
999 |a 0001380698   |b Book   |c Adult Collection   |e Cawangan Bandar Penawar 
999 |a 0001380699   |b Book   |c Adult Collection   |e Cawangan Tmn. Ungku Tun Aminah 
999 |a 0001380700   |b Book   |c Adult Collection   |e Cawangan Pontian 
999 |a 0001380701   |b Book   |c Adult Collection   |e Cawangan Kota Tinggi 
999 |a 0001380702   |b Book   |c Adult Collection   |e Cawangan Bandar Tenggara 
999 |a 0001380703   |b Book   |c Children Collection   |e Cawangan Taman Sri Lambak 
999 |a 0001380704   |b Cassette   |c Adult Collection   |e Cawangan Muar 
999 |a 0001380705   |b Book   |c Adult Collection   |e Cawangan Batu Pahat 
999 |a 0001380706   |b Book   |c Adult Collection   |e Cawangan Segamat 
999 |a 0001380707   |b Book   |c Adult Collection   |e Cawangan Bukit Gambir 
999 |a 0001380708   |b Book   |c Adult Collection   |e Cawangan Tangkak 
999 |a 0001711192   |b Book   |c Adult Collection   |e Cawangan Sri Merlong